[Event "12ème open"]
[Site "Louviers"]
[Date "2009.06.01"]
[Round "6"]
[White "Duverne, Jean Marie"]
[Black "Arinal, Serge"]
[Result "1-0"]
[WhiteElo "2158"]
[BlackElo "1710"]
[PlyCount "73"]
[EventDate "2009.05.30"]
[EventType "swiss"]
[EventRounds "6"]
[EventCountry "FRA"]

1. e4 e6 2. d4 d5 3. e5 c5 4. c3 Nc6 5. Nf3 Nge7 6. Bd3 Nf5 7. O-O Bd7 8. a3
Qb6 9. Bxf5 exf5 10. dxc5 Bxc5 11. b4 Be7 12. Qxd5 Be6 13. Qd3 Rd8 14. Qe3 Qb5
15. a4 Qd3 16. Na3 O-O 17. Re1 Bxb4 18. Qxd3 Rxd3 19. cxb4 Nxb4 20. Bd2 Rxa3
21. Bxb4 Rxa1 22. Rxa1 Rc8 23. Bd6 h6 24. Nd4 Bd7 25. Nb5 a6 26. Nc7 Bc6 27. a5
g6 28. f4 h5 29. g3 Kh7 30. h4 Be4 31. Kf2 Bc6 32. Rc1 Kg7 33. Rc5 Kg8 34. Ke3
Bd7 35. Nd5 Rxc5 36. Bxc5 Kg7 37. Be7 1-0

[Event "12ème open"]
[Site "Louviers"]
[Date "2009.06.01"]
[Round "6"]
[White "Frey, Alain"]
[Black "Grenet, Dominique"]
[Result "1/2-1/2"]
[WhiteElo "1770"]
[BlackElo "1440"]
[PlyCount "174"]
[EventDate "2009.05.30"]
[EventType "swiss"]
[EventRounds "6"]
[EventCountry "FRA"]

1. e4 e5 2. Nf3 Nc6 3. Nc3 Nf6 4. Bc4 Be7 5. d3 d6 6. h3 Nd4 7. Bg5 Nxf3+ 8.
Qxf3 h6 9. Bh4 c6 10. O-O O-O 11. Qe2 a6 12. Bxf6 Bxf6 13. a3 Bh4 14. Qf3 Qg5
15. Kh2 Qg6 16. Ne2 Bg5 17. Ng3 Bf4 18. Kh1 Be6 19. b4 Bxc4 20. dxc4 Bxg3 21.
fxg3 Qe6 22. Qd3 Rad8 23. Rad1 Rd7 24. Rf2 Rfd8 25. Rfd2 b6 26. a4 Kf8 27. b5
axb5 28. cxb5 c5 29. c4 Ke7 30. Ra2 Ra7 31. Rda1 Rda8 32. Kg1 Kd7 33. Qc2 Qg6
34. Ra3 f6 35. Qd3 Qf7 36. Kf2 Kc7 37. g4 g5 38. Ke2 h5 39. gxh5 Qxh5+ 40. Qf3
Qf7 41. Kd3 Qg7 42. Qf5 Qf7 43. Kc3 Kd8 44. R3a2 Ke7 45. Kb3 Qh5 46. Rf1 Rf8
47. Rd2 Qh4 48. Rfd1 Rd7 49. Rd3 Qf4 50. Rf3 Qxf5 51. Rxf5 Ke6 52. Rdf1 Rh7 53.
Rxg5 Rh4 54. Rg4 Rxg4 55. hxg4 Rg8 56. Rf2 Rxg4 57. Re2 Rg3+ 58. Kb2 f5 59.
exf5+ Kxf5 60. Rd2 Ke6 61. Re2 d5 62. cxd5+ Kxd5 63. Rc2 c4 64. Re2 e4 65. Ka2
Rg4 66. Rc2 Kc5 67. Rb2 Rg6 68. Kb1 e3 69. Kc1 Rf6 70. Re2 Rf1+ 71. Kc2 Rf2 72.
Kd1 Rxe2 73. Kxe2 Kd4 74. a5 c3 75. axb6 c2 76. b7 c1=Q 77. b8=Q Qd2+ 78. Kf3
Qf2+ 79. Kg4 Qxg2+ 80. Kf5 Qe4+ 81. Kg5 e2 82. Qa7+ Kd3 83. Qa3+ Kd2 84. Qb2+
Qc2 85. Qd4+ Qd3 86. Qb2+ Ke1 87. b6 Qd2+ 1/2-1/2

[Event "12ème open"]
[Site "Louviers"]
[Date "2009.06.01"]
[Round "6"]
[White "Guillaumat, Jean Pierre"]
[Black "Goy, Wilfried"]
[Result "1-0"]
[WhiteElo "1957"]
[BlackElo "1953"]
[PlyCount "117"]
[EventDate "2009.05.30"]
[EventType "swiss"]
[EventRounds "6"]
[EventCountry "FRA"]

1. d4 f5 2. g3 Nf6 3. Bg2 g6 4. c4 Bg7 5. Nc3 e6 6. Nf3 O-O 7. Bg5 h6 8. Bd2 d6
9. Qc1 Kh7 10. Qc2 Qe7 11. O-O e5 12. dxe5 dxe5 13. e3 c6 14. Rac1 Na6 15. a3
Nc5 16. b4 Nce4 17. Nxe4 Nxe4 18. Rfd1 Nxd2 19. Rxd2 Be6 20. c5 Rad8 21. Rcd1
Rxd2 22. Qxd2 Rf7 23. Qd6 Bd5 24. Qxe7 Rxe7 25. Ne1 Bb3 26. Rd3 Ba4 27. e4 f4
28. f3 h5 29. Bh3 Bh6 30. g4 h4 31. Kf2 Bg5 32. Rd6 Kg7 33. Bf1 b6 34. Nd3 Bf6
35. Nb2 Bb3 36. Rxc6 bxc5 37. Rxc5 Rd7 38. Nd3 h3 39. Ke2 a6 40. Rc3 Ba4 41.
Kd2 Bh4 42. Kc1 Bg3 43. Nb2 Bb5 44. Bxh3 Bxh2 45. g5 Re7 46. a4 Be8 47. Bf1 Re6
48. Rc7+ Kf8 49. b5 axb5 50. Bxb5 Bxb5 51. axb5 Bg1 52. Rc6 Rxc6+ 53. bxc6 Bb6
54. Nd3 Bc7 55. Kc2 Ke8 56. Kb3 Kd8 57. Kb4 Kc8 58. Kc5 Kd8 59. Kd5 1-0

[Event "12ème open"]
[Site "Louviers"]
[Date "2009.06.01"]
[Round "6"]
[White "Mouhamad, Joachin"]
[Black "Tirard, Hugo"]
[Result "0-1"]
[WhiteElo "1978"]
[BlackElo "2425"]
[PlyCount "118"]
[EventDate "2009.05.30"]
[EventType "swiss"]
[EventRounds "6"]
[EventCountry "FRA"]

1. e4 c5 2. d4 cxd4 3. Qxd4 Nc6 4. Qa4 g6 5. Nf3 Bg7 6. Bc4 Qa5+ 7. Qxa5 Nxa5
8. Bd3 Nf6 9. Bd2 Nc6 10. Bc3 O-O 11. O-O d6 12. Nbd2 Rd8 13. a3 b6 14. Rfe1
Bb7 15. Rad1 Rac8 16. Nb3 Nd7 17. Bxg7 Kxg7 18. c3 Nde5 19. Nxe5 Nxe5 20. Bf1
Nc4 21. Bxc4 Rxc4 22. Rd4 Rxd4 23. Nxd4 e5 24. Nc2 f5 25. exf5 gxf5 26. f4 Be4
27. Ne3 exf4 28. Nc4 Kf6 29. Nd2 d5 30. Nf3 Rg8 31. Kf2 a5 32. Rd1 Ke7 33. Rd4
b5 34. Ne1 Rg6 35. Nf3 Kd6 36. Ne1 Rh6 37. Nf3 Kc5 38. Ke2 a4 39. Kf2 Bxf3 40.
Kxf3 Rxh2 41. Rxf4 Rh1 42. Rb4 Re1 43. Rd4 Re4 44. Rd2 Kc4 45. g3 d4 46. cxd4
Rxd4 47. Rh2 Kb3 48. Ke3 Rc4 49. Kd3 Rg4 50. Rf2 Rxg3+ 51. Kd4 Rg5 52. Ke5 Rg7
53. Kd6 Rf7 54. Kc5 f4 55. Rf3+ Kxb2 56. Kxb5 Kc2 57. Kxa4 Kd2 58. Kb5 Ke2 59.
Rc3 f3 0-1

[Event "12ème open"]
[Site "Louviers"]
[Date "2009.06.01"]
[Round "6"]
[White "Pytel, Bozena"]
[Black "Vincent, Didier"]
[Result "1-0"]
[WhiteElo "1960"]
[BlackElo "2045"]
[PlyCount "59"]
[EventDate "2009.05.30"]
[EventType "swiss"]
[EventRounds "6"]
[EventCountry "FRA"]

1. Nf3 Nf6 2. d4 d5 3. c3 e6 4. Bg5 Be7 5. Nbd2 O-O 6. e3 Nbd7 7. Bd3 c5 8. O-O
b6 9. Ne5 Bb7 10. Qf3 Nxe5 11. dxe5 Nd7 12. Bxe7 Qxe7 13. Qh3 f5 14. f4 a5 15.
Nf3 Ba6 16. Bxa6 Rxa6 17. a4 Raa8 18. g4 Rad8 19. Kh1 Nb8 20. Rf2 Nc6 21. Rd1
Rd7 22. Rg2 Kh8 23. Rgd2 g6 24. Nh4 Qg7 25. gxf5 exf5 26. Rxd5 Rxd5 27. Rxd5
Rd8 28. c4 Kg8 29. Qg2 Qe7 30. Nxf5 1-0

[Event "12ème open"]
[Site "Louviers"]
[Date "2009.06.01"]
[Round "6"]
[White "Pytel, Krzysztof"]
[Black "Josse, Sebastien"]
[Result "1-0"]
[WhiteElo "2387"]
[BlackElo "1800"]
[PlyCount "47"]
[EventDate "2009.05.30"]
[EventType "swiss"]
[EventRounds "6"]
[EventCountry "FRA"]

1. d4 d5 2. Nf3 Nf6 3. e3 e6 4. Bd3 b6 5. b3 Be7 6. Bb2 Ba6 7. c4 c6 8. Nc3 O-O
9. O-O Re8 10. Ne5 Qc8 11. Rc1 Nfd7 12. f4 g6 13. e4 dxe4 14. Bxe4 Bb7 15. d5
Nxe5 16. fxe5 exd5 17. cxd5 Bc5+ 18. Kh1 Rxe5 19. b4 Bf8 20. Qb3 Qe8 21. dxc6
Nxc6 22. Nd5 Re6 23. Nc7 Qd8 24. Nxe6 1-0

[Event "12ème open"]
[Site "Louviers"]
[Date "2009.06.01"]
[Round "6"]
[White "Roussel, Julien"]
[Black "Dallery, Christophe"]
[Result "0-1"]
[WhiteElo "1859"]
[BlackElo "1960"]
[PlyCount "80"]
[EventDate "2009.05.30"]
[EventType "swiss"]
[EventRounds "6"]
[EventCountry "FRA"]

1. d4 d5 2. c4 c6 3. Nc3 Nf6 4. Bg5 e6 5. cxd5 exd5 6. e3 h6 7. Bh4 Bd6 8. Bd3
O-O 9. Qc2 Re8 10. Nf3 Na6 11. a3 Nc7 12. Ne2 Bg4 13. Nd2 Bxe2 14. Bxe2 Ne6 15.
O-O Nxd4 16. exd4 Rxe2 17. Rae1 Rxe1 18. Rxe1 g5 19. Bg3 Bxg3 20. hxg3 Qd7 21.
Qb3 Re8 22. Rxe8+ Qxe8 23. Qxb7 Qe1+ 24. Nf1 Ne4 25. Qc8+ Kg7 26. Qf5 a5 27.
Qf3 Nd2 28. Qd3 Qxf1+ 29. Qxf1 Nxf1 30. Kxf1 h5 31. Ke2 Kf6 32. Kd3 Kf5 33. Kc3
h4 34. gxh4 gxh4 35. b4 a4 36. b5 cxb5 37. Kb4 Ke4 38. Kc5 Kd3 39. f4 f5 40.
Kxd5 b4 0-1

[Event "12ème open"]
[Site "Louviers"]
[Date "2009.06.01"]
[Round "6"]
[White "Rousselin, Marc"]
[Black "Perrusset, Barbara"]
[Result "0-1"]
[WhiteElo "1578"]
[BlackElo "1817"]
[PlyCount "76"]
[EventDate "2009.05.30"]
[EventType "swiss"]
[EventRounds "6"]
[EventCountry "FRA"]

1. e4 c5 2. Nf3 e6 3. d4 cxd4 4. Nxd4 Nc6 5. Nc3 Nf6 6. Be2 Bb4 7. Bf3 Ne5 8.
O-O O-O 9. Bg5 a6 10. a3 Be7 11. Bxf6 Bxf6 12. Be2 b5 13. b4 Bb7 14. Kh1 Qc7
15. Qd2 Rac8 16. f4 Qxc3 17. Qxc3 Rxc3 18. fxe5 Bxe5 19. Nf3 Rxc2 20. Nxe5 Rxe2
21. Nxd7 Rc8 22. Nc5 Bxe4 23. Nxe4 Rxe4 24. Rfd1 Rec4 25. Kg1 Kf8 26. Kf1 Rc2
27. h3 Ke7 28. Kg1 Rb2 29. Rdc1 Rxc1+ 30. Rxc1 Rb3 31. Ra1 e5 32. Kf2 f5 33. g3
Ke6 34. h4 e4 35. Ra2 Ke5 36. Rc2 Rxa3 37. Rc5+ Kd4 38. Rxf5 Rf3+ 0-1

[Event "12ème open"]
[Site "Louviers"]
[Date "2009.06.01"]
[Round "6"]
[White "Saint Gilles, Damien"]
[Black "Levesque, Thomas"]
[Result "0-1"]
[WhiteElo "1669"]
[BlackElo "1950"]
[PlyCount "68"]
[EventDate "2009.05.30"]
[EventType "swiss"]
[EventRounds "6"]
[EventCountry "FRA"]

1. d4 Nf6 2. Nf3 g6 3. Bf4 Bg7 4. Nbd2 d6 5. c3 O-O 6. h3 Nbd7 7. e3 Re8 8. Be2
e5 9. dxe5 dxe5 10. Bg5 h6 11. Bh4 g5 12. Bg3 Nh5 13. Bh2 f5 14. g4 fxg4 15.
hxg4 Nhf6 16. Qb3+ Kf8 17. Rg1 Qe7 18. O-O-O Nc5 19. Qc4 b5 20. Qb4 a5 21. Qa3
Nxg4 22. Bxb5 e4 23. Bxe8 exf3 24. Nc4 Nxh2 25. Bc6 Rb8 26. Qxa5 Bf5 27. Rd5
Nd3+ 28. Kb1 Be4 29. Rf5+ Kg8 30. Bd5+ Kh8 31. Rf7 Nxb2+ 32. Ka1 Nxc4 33. Bxc4
Qc5 34. Rf8+ Kh7 0-1

[Event "FRA T U 20"]
[Site "Montpellier"]
[Date "2009.11.28"]
[Round "1.1"]
[White "Giroyan, Gary"]
[Black "Gueriche, Guillaume"]
[Result "1-0"]
[WhiteElo "2176"]
[BlackElo "2052"]
[PlyCount "75"]
[EventDate "2009.??.??"]
[EventType "team-match"]
[EventCountry "FRA"]

1. e4 c5 2. Nf3 d6 3. d4 cxd4 4. Nxd4 Nf6 5. Nc3 g6 6. Be3 Bg7 7. f3 Nc6 8. Qd2
O-O 9. O-O-O d5 10. Kb1 e5 11. Nxc6 bxc6 12. exd5 cxd5 13. Nxd5 Nxd5 14. Qxd5
Qc7 15. Qc5 Qb7 16. Bc4 Rb8 17. Bb3 a5 18. Bc1 a4 19. Bxa4 Bf5 20. g4 Be6 21.
Qe3 Rfc8 22. Bb3 Bxb3 23. cxb3 Ra8 24. Qe4 Qa6 25. a3 Rab8 26. Ka2 Qe6 27. Rd3
Kh8 28. g5 Qe7 29. Rhd1 Rb7 30. h4 Rbc7 31. Bd2 Qe6 32. Bb4 Re8 33. Rd8 Rc8 34.
R8d7 h5 35. gxh6 Bxh6 36. R1d6 Qh3 37. Rxf7 Rg8 38. Rxg6 1-0

[Event "FRA T U 20"]
[Site "Montpellier"]
[Date "2009.11.28"]
[Round "1.2"]
[White "Thon, Gabriel"]
[Black "Neri, Jean Baptiste"]
[Result "1-0"]
[WhiteElo "2046"]
[BlackElo "2027"]
[PlyCount "43"]
[EventDate "2009.??.??"]
[EventType "team-match"]
[EventCountry "FRA"]

1. e4 e5 2. Nf3 Nc6 3. Bb5 a6 4. Ba4 Nf6 5. O-O Be7 6. Re1 b5 7. Bb3 d6 8. c3
Bg4 9. h3 Bh5 10. d3 O-O 11. Nbd2 Na5 12. Bc2 c5 13. Nf1 Nc6 14. Ng3 Bxf3 15.
Qxf3 Re8 16. Nf5 Bf8 17. Bg5 Be7 18. Bb3 Na5 19. Bd1 Nc6 20. Re3 Nb8 21. Qg3
Bf8 22. Nh6+ 1-0

[Event "FRA T U 20"]
[Site "Montpellier"]
[Date "2009.11.28"]
[Round "1.3"]
[White "Lamard, Guillaume"]
[Black "Malka, Samuel"]
[Result "0-1"]
[WhiteElo "2138"]
[BlackElo "1896"]
[PlyCount "98"]
[EventDate "2009.??.??"]
[EventType "team-match"]
[EventCountry "FRA"]

1. d4 Nf6 2. c4 g6 3. Nc3 Bg7 4. e4 d6 5. Nf3 O-O 6. h3 e5 7. d5 a5 8. Bg5 h6
9. Be3 Na6 10. g4 Nd7 11. Rg1 Ndc5 12. h4 c6 13. g5 h5 14. Nd2 cxd5 15. cxd5
Rb8 16. Bc4 Bd7 17. a4 Nc7 18. Nb3 Nxa4 19. Nxa4 b5 20. Nb6 a4 21. Nxd7 Qxd7
22. Bd3 axb3 23. Qxb3 Qh3 24. Kd2 Qxh4 25. Rgc1 Rb7 26. Rc6 f5 27. Qc2 f4 28.
Rxc7 fxe3+ 29. fxe3 Rf2+ 30. Be2 Rxc7 31. Qxc7 Qxe4 32. Qxd6 Qc4 33. Re1 Kh7
34. Qc6 Qb3 35. Rb1 e4 36. Ke1 Rxe2+ 37. Kxe2 Qd3+ 38. Kf2 Qxb1 39. d6 Qxb2+
40. Kf1 Qb1+ 41. Kf2 Qh1 42. d7 Qf3+ 43. Kg1 Qxe3+ 44. Kh1 Qf3+ 45. Kh2 Qf4+
46. Kg2 Qxg5+ 47. Kh1 Bd4 48. Kh2 Bg1+ 49. Kh1 Bf2 0-1

[Event "FRA T U 20"]
[Site "Montpellier"]
[Date "2009.11.28"]
[Round "1.4"]
[White "Bombail, Leonard"]
[Black "Haussernot, Cecile"]
[Result "0-1"]
[WhiteElo "1654"]
[BlackElo "1977"]
[PlyCount "110"]
[EventDate "2009.??.??"]
[EventType "team-match"]
[EventCountry "FRA"]

1. f4 d6 2. Nf3 g6 3. e3 Bg7 4. Nc3 e6 5. b3 Ne7 6. Bb2 O-O 7. Be2 Nbc6 8. O-O
e5 9. fxe5 dxe5 10. Ng5 Be6 11. Nxe6 fxe6 12. Rxf8+ Qxf8 13. Bc4 Qc8 14. Qg4
Nf5 15. e4 Nfd4 16. Nb5 Nd8 17. Nxd4 exd4 18. Rf1 Qd7 19. Ba3 b5 20. Bd3 Nf7
21. Qf4 Rb8 22. Bc5 a6 23. a4 Be5 24. Qf2 Kg7 25. axb5 axb5 26. Be2 c6 27. Bg4
h5 28. Bh3 b4 29. Qe2 Rb5 30. Qc4 Ng5 31. Bf8+ Kg8 32. Qd3 Nf7 33. Qc4 Ng5 34.
Qd3 Rb8 35. Bc5 Qc7 36. Kh1 Rd8 37. Qc4 Qd7 38. Bxb4 Nxh3 39. gxh3 Bg7 40. Qd3
e5 41. Qg3 Qe6 42. Qg5 Rb8 43. Qe7 Qxe7 44. Bxe7 Ra8 45. c4 Ra2 46. Bb4 Rb2 47.
Rf3 Bh6 48. Rd3 Bf4 49. Kg2 Kf7 50. h4 c5 51. Bxc5 Bxd2 52. Rf3+ Bf4+ 53. Kg1
Ke6 54. Ba3 Ra2 55. b4 Be3+ 0-1

[Event "FRA T U 20"]
[Site "Montpellier"]
[Date "2009.11.28"]
[Round "1.5"]
[White "Froment, Theophile"]
[Black "Guedon, Sosthene"]
[Result "0-1"]
[WhiteElo "1839"]
[BlackElo "1579"]
[PlyCount "48"]
[EventDate "2009.??.??"]
[EventType "team-match"]
[EventCountry "FRA"]

1. e4 c5 2. Nf3 d6 3. d4 cxd4 4. Nxd4 Nf6 5. Nc3 g6 6. Be3 Bg7 7. f3 Nc6 8. Qd2
O-O 9. O-O-O Nxd4 10. Bxd4 Be6 11. Kb1 Qc7 12. Nb5 Qc6 13. g4 Rfc8 14. h4 a6
15. Na7 Rxa7 16. Bxa7 b6 17. g5 Nh5 18. Qf2 Qa4 19. a3 Ba2+ 20. Kxa2 Rxc2 21.
Rd2 Bxb2 22. Kb1 Bd4 23. Qxd4 Qb3+ 24. Qb2 Qxb2# 0-1

[Event "FRA T U 20"]
[Site "Montpellier"]
[Date "2009.11.28"]
[Round "1.6"]
[White "Colin, Enzo"]
[Black "Meunier, Clement"]
[Result "0-1"]
[WhiteElo "1630"]
[BlackElo "1800"]
[PlyCount "92"]
[EventDate "2009.??.??"]
[EventType "team-match"]
[EventCountry "FRA"]

1. e4 c6 2. d4 d5 3. exd5 cxd5 4. c4 Nf6 5. Nc3 Nc6 6. Nf3 Bg4 7. Be3 e6 8. a3
a5 9. Bd3 Bd6 10. Nb5 Bb8 11. O-O O-O 12. h3 Bh5 13. c5 e5 14. dxe5 Nxe5 15.
Be2 Qe7 16. g3 Qd7 17. Nxe5 Bxe5 18. Bxh5 Qxb5 19. Rb1 Rfe8 20. Be2 Qd7 21. Bg4
Nxg4 22. Qxg4 Qxg4 23. hxg4 Bxg3 24. Rfe1 Be5 25. b3 Bc3 26. Red1 Rad8 27. Bd2
d4 28. Bxc3 dxc3 29. Rxd8 Rxd8 30. Rc1 Rd3 31. b4 axb4 32. axb4 Rd4 33. Rxc3
Rxg4+ 34. Kf1 Rxb4 35. c6 bxc6 36. Rxc6 h5 37. Kg2 Kh7 38. Kg3 g5 39. f3 Kg7
40. Ra6 Rf4 41. Ra3 Kg6 42. Ra6+ Rf6 43. Ra5 h4+ 44. Kg4 Rf4+ 45. Kh3 Rxf3+ 46.
Kg4 Rg3# 0-1

[Event "FRA T U 20"]
[Site "Montpellier"]
[Date "2009.11.28"]
[Round "1.1"]
[White "Thinon, Lucas"]
[Black "Toullec, Renan"]
[Result "1/2-1/2"]
[WhiteElo "1637"]
[BlackElo "1715"]
[PlyCount "65"]
[EventDate "2009.??.??"]
[EventType "team-match"]
[EventCountry "FRA"]

1. d4 d5 2. Bf4 Nf6 3. e3 Bf5 4. Bd3 Bg6 5. Nf3 e6 6. O-O Bd6 7. Bg3 O-O 8.
Bxg6 hxg6 9. Nbd2 Bxg3 10. hxg3 Qd6 11. c4 c6 12. Qb3 Qc7 13. Rfc1 Nbd7 14. a4
Rfb8 15. Qc3 dxc4 16. Nxc4 Ne4 17. Qd3 Nd6 18. b4 a6 19. Nfe5 Nxe5 20. Nxe5 Qd8
21. Rab1 Rc8 22. Nc4 Nxc4 23. Qxc4 Qd5 24. Qc5 f6 25. b5 axb5 26. Qxd5 cxd5 27.
Rxc8+ Rxc8 28. Rxb5 Rc1+ 29. Kh2 Ra1 30. a5 Kh7 31. g4 g5 32. Kg3 Kg6 33. f3
1/2-1/2

[Event "FRA T U 20"]
[Site "Montpellier"]
[Date "2009.11.28"]
[Round "1.2"]
[White "Jouanneau, Armand"]
[Black "Domenech, Vianney"]
[Result "0-1"]
[WhiteElo "1831"]
[BlackElo "2018"]
[PlyCount "110"]
[EventDate "2009.??.??"]
[EventType "team-match"]
[EventCountry "FRA"]

1. e4 d5 2. exd5 Qxd5 3. Nc3 Qa5 4. Nf3 Nf6 5. Bc4 Bf5 6. d3 e6 7. Bd2 c6 8.
Qe2 Qc7 9. h3 Nbd7 10. O-O Be7 11. Rfe1 O-O 12. Nh4 Bg6 13. Nxg6 hxg6 14. Ne4
Nxe4 15. Qxe4 Nc5 16. Qf3 b5 17. Bb3 a5 18. d4 a4 19. dxc5 axb3 20. axb3 Bxc5
21. b4 Bd4 22. Bf4 e5 23. Qe4 Rxa1 24. Rxa1 Bxf2+ 25. Kxf2 exf4 26. Ra6 Rc8 27.
Qd4 f3 28. Kxf3 c5 29. Qe4 cxb4 30. Ra8 Rxa8 31. Qxa8+ Kh7 32. Qe4 Qd6 33. b3
f5 34. Qd3 Qc6+ 35. Kg3 Qc3 36. Kf4 Qe1 37. Kf3 Qe5 38. g3 g5 39. g4 g6 40.
Qd7+ Kh6 41. Qc8 Qc3+ 42. Qxc3 bxc3 43. Ke3 b4 44. Kd4 Kg7 45. Ke5 f4 46. Ke4
Kf6 47. Kd4 Ke6 48. Ke4 Kd6 49. Kd4 Kc6 50. Ke4 Kb6 51. Kd4 Kb5 52. Kd3 Kc5 53.
Ke4 Kc6 54. Kd4 Kd6 55. Ke4 Kc5 0-1

[Event "FRA T U 20"]
[Site "Montpellier"]
[Date "2009.11.28"]
[Round "1.3"]
[White "Chardon, Xavier"]
[Black "Wassen, Antoine"]
[Result "1-0"]
[WhiteElo "1654"]
[BlackElo "1691"]
[PlyCount "103"]
[EventDate "2009.??.??"]
[EventType "team-match"]
[EventCountry "FRA"]

1. g3 d5 2. Nf3 Nf6 3. Bg2 Nc6 4. O-O h6 5. d3 Bf5 6. Nbd2 e6 7. b3 Bc5 8. Bb2
O-O 9. c4 d4 10. a3 a5 11. Nh4 Bh7 12. f4 Ng4 13. Qc1 Ne3 14. Rf2 Be7 15. Bxc6
bxc6 16. Nhf3 c5 17. b4 axb4 18. axb4 Rb8 19. b5 f6 20. Nb3 Bd6 21. Na5 Qd7 22.
Nc6 Rb7 23. Nd2 g5 24. fxg5 hxg5 25. Nb3 Rb6 26. Ba3 Rxc6 27. bxc6 Qxc6 28. Bb2
e5 29. Ra5 Bf5 30. Ba3 Bc8 31. Nxc5 Rf7 32. Qb1 Bxc5 33. Rxc5 Qa8 34. Bc1 Bh3
35. Bd2 Ng4 36. Ra5 Qc6 37. Rf3 Nxh2 38. Kxh2 Rh7 39. Qb5 Bg4+ 40. Kg2 Bxf3+
41. exf3 Qd6 42. Qd5+ Qxd5 43. Rxd5 Re7 44. Bb4 Rf7 45. f4 gxf4 46. gxf4 exf4
47. Rxd4 Rg7+ 48. Kf3 Rg1 49. Rxf4 Kf7 50. Ke4 Ke6 51. Kd4 f5 52. Ba5 1-0

[Event "FRA T U 20"]
[Site "Montpellier"]
[Date "2009.11.28"]
[Round "1.4"]
[White "Dupouy, Francois"]
[Black "Agussol, Lucas"]
[Result "1-0"]
[WhiteElo "1843"]
[BlackElo "1531"]
[PlyCount "57"]
[EventDate "2009.??.??"]
[EventType "team-match"]
[EventCountry "FRA"]

1. e4 e6 2. d4 d5 3. Nc3 Bb4 4. e5 c5 5. a3 Bxc3+ 6. bxc3 Ne7 7. Qg4 Qc7 8.
Qxg7 Rg8 9. Qxh7 cxd4 10. Ne2 dxc3 11. Qd3 Nbc6 12. f4 Qa5 13. Rb1 Nf5 14. Rb5
Qa6 15. Nxc3 Ncd4 16. g4 Rxg4 17. Bh3 Rh4 18. Bxf5 Nxf5 19. Rg1 Rxh2 20. a4 Ne7
21. f5 Bd7 22. f6 Ng6 23. Rxg6 Rh1+ 24. Kf2 Bxb5 25. axb5 Qb6+ 26. Be3 Rh2+ 27.
Kg1 Rh3 28. Nxd5 exd5 29. Rg8+ 1-0

[Event "FRA T U 20"]
[Site "Montpellier"]
[Date "2009.11.29"]
[Round "2.1"]
[White "Thon, Gabriel"]
[Black "Bouyssieres, Max"]
[Result "1-0"]
[WhiteElo "2046"]
[BlackElo "1702"]
[PlyCount "37"]
[EventDate "2009.??.??"]
[EventType "team-match"]
[EventCountry "FRA"]

1. e4 e5 2. Nf3 Nc6 3. Bc4 Bc5 4. c3 Nf6 5. d4 exd4 6. O-O d5 7. exd5 Nxd5 8.
Qb3 Nf6 9. cxd4 Nxd4 10. Nxd4 Qxd4 11. Bxf7+ Kf8 12. Bc4 Qh4 13. Nd2 Rb8 14.
Nf3 Qh5 15. Bf4 Bb6 16. Bxc7 Ra8 17. Qb4+ Ke8 18. Rfe1+ Kd7 19. Qd6# 1-0

[Event "FRA T U 20"]
[Site "Montpellier"]
[Date "2009.11.29"]
[Round "2.2"]
[White "Jouanneau, Armand"]
[Black "Gueriche, Guillaume"]
[Result "0-1"]
[WhiteElo "1831"]
[BlackElo "2052"]
[PlyCount "92"]
[EventDate "2009.??.??"]
[EventType "team-match"]
[EventCountry "FRA"]

1. e4 c5 2. Nf3 d6 3. d4 cxd4 4. Nxd4 Nf6 5. Nc3 g6 6. h3 Bg7 7. Be3 O-O 8. Bc4
Nc6 9. Nxc6 bxc6 10. O-O e5 11. Qf3 h6 12. Rfd1 Qc7 13. Rd3 Bb7 14. Bxh6 Rad8
15. Bg5 Qe7 16. Qg3 Bc8 17. Qh4 d5 18. Bxd5 cxd5 19. Nxd5 Rxd5 20. Rxd5 Bb7 21.
Rd3 Qe6 22. f3 Qb6+ 23. Kh2 Nh5 24. Rb3 Qc7 25. Qf2 Bc8 26. Rd1 Be6 27. Rbd3
Nf4 28. Bxf4 exf4 29. b3 a5 30. c4 Bf6 31. Qd2 Rb8 32. Qc2 Kg7 33. Qd2 Rh8 34.
Rd6 Rh5 35. Kg1 Qc5+ 36. Qf2 Qc8 37. Qa7 Rg5 38. Kf1 Bxh3 39. R1d2 Be6 40. Kg1
Rh5 41. Ra6 Qh8 42. Rxe6 Rh1+ 43. Kf2 Qh4+ 44. Ke2 Qe1+ 45. Kd3 Qb1+ 46. Ke2
Qf1# 0-1

[Event "FRA T U 20"]
[Site "Montpellier"]
[Date "2009.11.29"]
[Round "2.3"]
[White "Malka, Samuel"]
[Black "Wassen, Antoine"]
[Result "1-0"]
[WhiteElo "1896"]
[BlackElo "1691"]
[PlyCount "81"]
[EventDate "2009.??.??"]
[EventType "team-match"]
[EventCountry "FRA"]

1. d4 d5 2. c4 c6 3. Nc3 Nf6 4. e3 e6 5. Nf3 Nbd7 6. Bd3 dxc4 7. Bxc4 b5 8. Be2
a6 9. e4 Bb4 10. e5 Nd5 11. Bd2 Bxc3 12. bxc3 h6 13. O-O O-O 14. Bd3 Bb7 15.
Qe2 Re8 16. Qe4 Nf8 17. Qg4 Kh8 18. Rae1 c5 19. Qh5 Qe7 20. Bxh6 gxh6 21. Qxh6+
Kg8 22. Re4 f5 23. exf6 Nxf6 24. Re5 N8h7 25. Ng5 Qg7 26. Qxg7+ Kxg7 27. Nxe6+
Kf7 28. Nxc5 Bc6 29. Rfe1 Rxe5 30. dxe5 Re8 31. Kf1 Ng5 32. f4 Nd7 33. Nxd7
Bxd7 34. fxg5 Be6 35. Re2 Rd8 36. Rf2+ Kg7 37. Ke2 Bxa2 38. Ke3 Be6 39. h4 Rc8
40. h5 Rxc3 41. h6+ 1-0

[Event "FRA T U 20"]
[Site "Montpellier"]
[Date "2009.11.29"]
[Round "2.4"]
[White "Dupouy, Francois"]
[Black "Bombail, Leonard"]
[Result "0-1"]
[WhiteElo "1843"]
[BlackElo "1654"]
[PlyCount "74"]
[EventDate "2009.??.??"]
[EventType "team-match"]
[EventCountry "FRA"]

1. e4 e5 2. Nf3 Nc6 3. Bb5 a6 4. Ba4 d6 5. O-O f5 6. d3 Nf6 7. Nc3 Be7 8. Bb3
Na5 9. Bg5 Nxb3 10. axb3 O-O 11. Qd2 h6 12. Bxf6 Rxf6 13. Nd5 Rg6 14. Qa5 fxe4
15. dxe4 Bh3 16. Ne3 Qf8 17. Qd5+ Kh7 18. Qd1 Qf4 19. Kh1 Qxe3 20. gxh3 Qxe4
21. Ra4 Qf5 22. Nh4 Bxh4 23. Rxh4 Rf8 24. f3 h5 25. f4 Qe4+ 26. Qf3 Qxf3+ 27.
Rxf3 Kh6 28. c4 Rgf6 29. f5 Rxf5 30. Rxf5 Rxf5 31. Re4 Rf2 32. c5 Rxb2 33. cxd6
cxd6 34. Rb4 b5 35. h4 Kg6 36. h3 Kf5 37. Kg1 e4 0-1

[Event "FRA T U 20"]
[Site "Montpellier"]
[Date "2009.11.29"]
[Round "2.1"]
[White "Giroyan, Gary"]
[Black "Domenech, Vianney"]
[Result "1-0"]
[WhiteElo "2176"]
[BlackElo "2018"]
[PlyCount "59"]
[EventDate "2009.??.??"]
[EventType "team-match"]
[EventCountry "FRA"]

1. e4 d5 2. exd5 Qxd5 3. Nc3 Qa5 4. d4 Nf6 5. Nf3 Bf5 6. Bc4 c6 7. Bd2 e6 8.
Ne4 Qb6 9. Nxf6+ gxf6 10. Qe2 Be7 11. O-O-O a5 12. Rhe1 Na6 13. Nh4 Bg6 14.
Bxe6 O-O 15. Qg4 Kh8 16. Bf5 Bb4 17. c3 Bd6 18. Re3 Rg8 19. Rh3 Bxf5 20. Qxf5
Qd8 21. Qh5 Rg7 22. Nf5 Nc7 23. Re1 Ne6 24. Nxg7 Kxg7 25. Qxh7+ Kf8 26. Rxe6
fxe6 27. Qh8+ Kf7 28. Rh7+ Kg6 29. Qg7+ Kf5 30. f3 1-0

[Event "FRA T U 20"]
[Site "Montpellier"]
[Date "2009.11.29"]
[Round "2.2"]
[White "Thinon, Lucas"]
[Black "Neri, Jean Baptiste"]
[Result "0-1"]
[WhiteElo "1637"]
[BlackElo "2027"]
[PlyCount "90"]
[EventDate "2009.??.??"]
[EventType "team-match"]
[EventCountry "FRA"]

1. d4 Nf6 2. Nf3 g6 3. Bf4 d6 4. e3 Bg7 5. Nbd2 O-O 6. h3 b6 7. Be2 c5 8. c3
Ba6 9. O-O Qd7 10. Bh2 Bxe2 11. Qxe2 Nc6 12. Rfd1 cxd4 13. Nxd4 Nxd4 14. exd4
b5 15. Re1 Rfe8 16. Nf3 Rac8 17. Qd2 Nd5 18. a3 Nb6 19. Re2 a5 20. Ne1 Rc4 21.
Nd3 Bf6 22. Bf4 Nd5 23. Bg5 Qf5 24. Bxf6 Qxf6 25. Rae1 Rec8 26. Ra1 Qf5 27.
Rae1 b4 28. axb4 axb4 29. Nxb4 Nxb4 30. cxb4 e6 31. d5 Rc2 32. Qd1 Rc1 33. Qxc1
Rxc1 34. Rxc1 Qxd5 35. Re3 Qb5 36. Rb3 e5 37. Rcc3 Kg7 38. Re3 h5 39. Red3 d5
40. Rdc3 d4 41. Rd3 Qc4 42. f3 f5 43. b5 e4 44. fxe4 fxe4 45. Rg3 h4 0-1